| 000 | 00805nam a2200253 a 4500 | ||
|---|---|---|---|
| 001 | 000024094 | ||
| 005 | 20251126110947.0 | ||
| 008 | 110118s1998 ve r 000 0 spa d | ||
| 020 | _a9800109943 | ||
| 040 |
_aDO-SdBNP _bspa _cBNPHU |
||
| 082 |
_a179.76 _bA663a |
||
| 100 | 1 |
_aAray, Julio _d1935- _949494 |
|
| 245 | 1 | 0 |
_aAborto : _bestudio psicoanalítico / _cJulio Aray. |
| 260 |
_aCaracas, (Venezuela) : _bMonte Ávila Editores Latinoamericana, _c1998. |
||
| 300 |
_axxxi, 395, [6] p. ; _c20 cm. |
||
| 490 | 1 |
_aEstudio _apsicología |
|
| 504 | _aIncluye referencias bibliográficas | ||
| 650 | 0 |
_aAborto _930003 |
|
| 650 | 0 |
_aNegligencia criminal _949495 |
|
| 650 | 4 |
_aAborto _xAspectos sociales _949496 |
|
| 650 | 4 |
_aPsicoanálisis _91958 |
|
| 830 | 0 |
_aEstudio _ppsicología _949497 |
|
| 049 | _aBNGR | ||
| 999 |
_c23589 _d23589 |
||